Alle Pokémon - Beeren - Statistiken

Allgemein
  • Dieses Quiz wurde 24 mal gespielt
  • Das Durchschnittsergebnis liegt bei 17 aus 83
Antwortstatistiken
Beere % Korrekt
Tsitrubeere
88%
Amrenabeere
82%
Sinelbeere
82%
Himmihbeere
59%
Maronbeere
59%
Nanabbeere
47%
Sananabeere
47%
Jonagobeere
35%
Pirsifbeere
35%
Burleobeere
29%
Foepasbeere
29%
Fragiabeere
29%
Giefebeere
29%
Persimbeere
29%
Wilbirbeere
29%
Yapabeere
29%
Beere
24%
Enigmabeere
24%
Granabeere
24%
Grarzbeere
24%
Grindobeere
24%
Honmelbeere
24%
Kerzalbeere
24%
Kiroyabeere
24%
Labrusbeere
24%
Morbbeere
24%
Prunusbeere
24%
Setangbeere
24%
Wikibeere
24%
Apikobeere
18%
Babiribeere
18%
Eipfelbeere
18%
Gauvebeere
18%
Lansatbeere
18%
Latchibeere
18%
Magobeere
18%
Nirbebeere
18%
Pyapabeere
18%
Qualotbeere
18%
Rabutabeere
18%
Salkabeere
18%
Schukebeere
18%
Tahaybeere
18%
Tronzibeere
18%
Zitarzbeere
18%
Akibeere
12%
Brandbeere
12%
Chiaribeere
12%
Durinbeere
12%
Eisbeere
12%
Goldbeere
12%
Goldene Himmihbeere
12%
Goldene Sananabeere
12%
Hibisbeere
12%
Jabocabeere
12%
Koakobeere
12%
Kobabeere
12%
Krambobeere
12%
Magostbeere
12%
Myrtilbeere
12%
Pallmbeere
12%
Roselbeere
12%
Rospelbeere
12%
Saimbeere
12%
Tamotbeere
12%
Tanigabeere
12%
Tarabeere
12%
Wasmelbeere
12%
Wunfrubeere
12%
Antiparbeere
6%
Ggngiftbeere
6%
Kiwanbeere
6%
Linganbeere
6%
Lydzibeere
6%
Silberne Himmihbeere
6%
Silberne Sananabeere
6%
Terirobeere
6%
Bitterbeere
0%
Goldene Nanabbeere
0%
Minzbeere
0%
Rätselbeere
0%
Silberne Nanabbeere
0%
Wunderbeere
0%
Keine übereinstimmenden Quizze gefunden
Verteilung der Resultate
Anzahl Personen mit jedem Resultat
Perzentil nach korrekt beantworteten Fragen
Ihre Resultats-Entwicklung
Sie haben dieses Quiz noch nicht gespielt